000 00429nam a2200181Ia 4500
001 17119
005 20260306170401.0
008 260306t2019||||xx |||||||||||||| ||und||
041 _aESP
082 _a657.46
_bA11
100 _aAbanto Bromley, Martha Cecilia
_eAUT
245 0 _aContabilidad laboral
260 _c2019
300 _a462 páginas :
_c25 cm.
650 _aGEN
654 _aCCO
942 _cLIB
_dJUS
_fJUS
_2ddc
_n
999 _c17119
_d17119